<?xml version="1.0" encoding="UTF-8"?>
<record
    xmlns:xsi="http://www.w3.org/2001/XMLSchema-instance"
    xsi:schemaLocation="http://www.loc.gov/MARC21/slim http://www.loc.gov/standards/marcxml/schema/MARC21slim.xsd"
    xmlns="http://www.loc.gov/MARC21/slim">

  <leader>02893nam a22003377a 4500</leader>
  <controlfield tag="001">4751</controlfield>
  <controlfield tag="003">FISKH</controlfield>
  <controlfield tag="005">20240927162035.0</controlfield>
  <controlfield tag="008">240927b        cb ||||| |||| 00| 0 eng d</controlfield>
  <datafield tag="020" ind1=" " ind2=" ">
    <subfield code="a">9789995070809</subfield>
  </datafield>
  <datafield tag="040" ind1=" " ind2=" ">
    <subfield code="a">FISKH</subfield>
    <subfield code="b">eng</subfield>
    <subfield code="c">FISKH</subfield>
    <subfield code="d">FISKH</subfield>
  </datafield>
  <datafield tag="050" ind1=" " ind2=" ">
    <subfield code="a">PZ7</subfield>
  </datafield>
  <datafield tag="082" ind1=" " ind2=" ">
    <subfield code="a">800</subfield>
  </datafield>
  <datafield tag="100" ind1=" " ind2=" ">
    <subfield code="a">Anonymous</subfield>
  </datafield>
  <datafield tag="245" ind1=" " ind2=" ">
    <subfield code="a">&#x1794;&#x17BB;&#x179A;&#x179F;&#x1787;&#x17B8;&#x1780;&#x1780;&#x17D2;&#x178F;&#x17B6;&#x1798; /</subfield>
  </datafield>
  <datafield tag="250" ind1=" " ind2=" ">
    <subfield code="a">&#x17E2;&#x17E0;&#x17E0;&#x17E8;</subfield>
  </datafield>
  <datafield tag="260" ind1=" " ind2=" ">
    <subfield code="a">&#x1797;&#x17D2;&#x1793;&#x17C6;&#x1796;&#x17C1;&#x1789; :</subfield>
    <subfield code="b">&#x1794;&#x178E;&#x17D2;&#x178E;&#x17B6;&#x1782;&#x17B6;&#x179A; &#x1794;&#x1793;&#x17D2;&#x1791;&#x17B6;&#x1799;&#x179F;&#x17D2;&#x179A;&#x17B8;,</subfield>
    <subfield code="c">&#x17E2;&#x17E0;&#x17E0;&#x17E8;.</subfield>
  </datafield>
  <datafield tag="300" ind1=" " ind2=" ">
    <subfield code="a">20 pages :</subfield>
    <subfield code="b">Color illustrations ;</subfield>
    <subfield code="c">30cm</subfield>
  </datafield>
  <datafield tag="500" ind1=" " ind2=" ">
    <subfield code="a">P
</subfield>
  </datafield>
  <datafield tag="520" ind1=" " ind2=" ">
    <subfield code="a">&#x1785;&#x17C5;&#x1798;&#x17B6;&#x178E;&#x1796;&#x1787;&#x17B6;&#x1794;&#x17BB;&#x179A;&#x179F;&#x1780;&#x17C6;&#x1796;&#x17D2;&#x179A;&#x17B6;&#x179A;&#x179F;&#x17CB;&#x1793;&#x17C5;&#x178F;&#x17C2;&#x1798;&#x17D2;&#x1793;&#x17B6;&#x1780;&#x17CB;&#x17AF;&#x1784;&#x200B; &#x1790;&#x17D2;&#x1784;&#x17C3;&#x1798;&#x17BD;&#x1799;&#x17AA;&#x1796;&#x17BB;&#x1780;&#x1794;&#x17BB;&#x179A;&#x179F;&#x1793;&#x17C4;&#x17C7;&#x1796;&#x1793;&#x17D2;&#x1799;&#x179B;&#x17CB;&#x179F;&#x1794;&#x17D2;&#x178F;&#x17B7;&#x1780;&#x17BC;&#x1793;&#x17A2;&#x17C4;&#x1799;&#x1791;&#x17C5;&#x1787;&#x17B8;&#x1780;&#x1780;&#x17D2;&#x178F;&#x17B6;&#x1798;&#x1780;&#x17D2;&#x1794;&#x17C2;&#x179A;&#x1781;&#x17D2;&#x1791;&#x1798;&#x17A2;&#x17D2;&#x1793;&#x1780;&#x178F;&#x17B6;&#x178A;&#x17BE;&#x1798;&#x17D2;&#x1794;&#x17B8;&#x1799;&#x1780;&#x1791;&#x17C5;&#x179B;&#x1780;&#x17CB; &#x1796;&#x17C1;&#x179B;&#x1787;&#x17B8;&#x1780;&#x1794;&#x17B6;&#x1793;&#x1799;&#x1780;&#x1791;&#x17C5;&#x179B;&#x1780;&#x17CB;&#x1793;&#x17C5;&#x1797;&#x17BC;&#x1798;&#x17B7;&#x178A;&#x17C2;&#x179B;&#x1798;&#x17B6;&#x1793;&#x179F;&#x17C1;&#x178A;&#x17D2;&#x178B;&#x17B8;&#x1798;&#x17B6;&#x1793;&#x1780;&#x17BC;&#x1793;&#x179F;&#x17D2;&#x179A;&#x17B8;&#x179A;&#x17C0;&#x1794;&#x1780;&#x17B6;&#x179A;&#x17A2;&#x179F;&#x17CB;&#x1793;&#x17C5;&#x179F;&#x179B;&#x17CB;&#x178F;&#x17C2;&#x1780;&#x17BC;&#x1793;&#x1796;&#x17C5;&#x200B; &#x1793;&#x17B6;&#x1784;&#x178F;&#x17C2;&#x1784;&#x1787;&#x17BD;&#x1799;&#x1791;&#x17B7;&#x1789;&#x1780;&#x17D2;&#x178F;&#x17B6;&#x1798;&#x179A;&#x17A0;&#x17BC;&#x178F;&#x178A;&#x179B;&#x17CB;&#x1796;&#x17BD;&#x1780;&#x1794;&#x1784;&#x17D7;&#x1785;&#x17C4;&#x1791;&#x1790;&#x17B6;&#x179F;&#x17D2;&#x179A;&#x179B;&#x17B6;&#x1789;&#x17CB;&#x1798;&#x17B6;&#x178E;&#x1796;&#x1780;&#x17CF;&#x178F;&#x17D2;&#x179A;&#x17BC;&#x179C;&#x17AA;&#x1796;&#x17BB;&#x1780;&#x1794;&#x178E;&#x17D2;&#x178F;&#x17C1;&#x1789;&#x1785;&#x17C1;&#x1789;&#x1796;&#x17B8;&#x1795;&#x17D2;&#x1791;&#x17C7;&#x1791;&#x17C5;&#x1793;&#x17C5;&#x1787;&#x17B6;&#x1798;&#x17BD;&#x1799;&#x1793;&#x17B7;&#x1784;&#x1798;&#x17B6;&#x178E;&#x1796; &#x1793;&#x17B6;&#x1784;&#x1796;&#x17C5;&#x1798;&#x17B7;&#x1793;&#x1785;&#x1784;&#x17CB;&#x17A2;&#x17C4;&#x1799;&#x1794;&#x17D2;&#x178F;&#x17B8;&#x1791;&#x17C5;&#x179A;&#x1780;&#x1780;&#x17D2;&#x178F;&#x17B6;&#x1798;&#x1791;&#x17C0;&#x178F;&#x1780;&#x17CF;&#x1794;&#x17D2;&#x179A;&#x17BE;&#x179C;&#x17B7;&#x1792;&#x17B8;&#x1780;&#x17BB;&#x17C6;&#x17A2;&#x17C4;&#x1799;&#x1794;&#x17D2;&#x178F;&#x17B8;&#x179A;&#x1780;&#x1794;&#x17B6;&#x1793;&#x200B; &#x178F;&#x17C2;&#x1798;&#x17B6;&#x178E;&#x1796;&#x179A;&#x1780;&#x1794;&#x17B6;&#x1793;&#x179F;&#x17D2;&#x1793;&#x17BC;&#x1780;&#x1780;&#x17D2;&#x178F;&#x17B6;&#x1798;&#x1798;&#x17BD;&#x1799;&#x178A;&#x17CF;&#x17A2;&#x179F;&#x17D2;&#x1785;&#x17B6;&#x179A;&#x17D2;&#x1799; &#x1793;&#x17B7;&#x1784;&#x1787;&#x17BD;&#x1799;&#x17A2;&#x17C4;&#x1799;&#x1782;&#x17D2;&#x179A;&#x17BD;&#x179F;&#x17B6;&#x179A;&#x1793;&#x17B6;&#x1784;&#x1796;&#x17C5;&#x1793;&#x17B7;&#x1784;&#x1798;&#x17B6;&#x178E;&#x1796;&#x1798;&#x17B6;&#x1793;&#x1787;&#x17B8;&#x179C;&#x1797;&#x17B6;&#x1796;&#x179B;&#x17D2;&#x17A2;&#x1794;&#x17D2;&#x179A;&#x179F;&#x17BE;&#x179A;&#x1787;&#x17B6;&#x1784;&#x1798;&#x17BB;&#x1793;&#x17D4;</subfield>
  </datafield>
  <datafield tag="520" ind1=" " ind2=" ">
    <subfield code="a">A young man was living alone. One day, his father asked him to take some crabs to sell. When he took the crabs to sell in a village where a wealthy man had a daughter, the daughter always helped buy crabs until her sisters accused her of being in love with that young man, which led her father to kick her out of the house to live with young man. The daughter didn&#x2019;t want her husband to look for crabs anymore, so she tried to prevent him from finding any. However, young man managed to catch a wonderful crab, which helped improve the living conditions of both the daughter&#x2019;s family and him's.

</subfield>
  </datafield>
  <datafield tag="521" ind1="8" ind2=" ">
    <subfield code="a">640L
</subfield>
    <subfield code="b">Lexile estimate
</subfield>
  </datafield>
  <datafield tag="521" ind1="8" ind2=" ">
    <subfield code="a">P
</subfield>
    <subfield code="b">Raz-Plus
</subfield>
  </datafield>
  <datafield tag="650" ind1=" " ind2=" ">
    <subfield code="2">&#x1780;&#x17D2;&#x1798;&#x17C1;&#x1784;&#x1780;&#x17C6;&#x1796;&#x17D2;&#x179A;&#x17B6;</subfield>
    <subfield code="a">&#x1793;&#x17B6;&#x1784;&#x1796;&#x17C5;&#x1780;&#x17BC;&#x1793;&#x179F;&#x17C1;&#x178A;&#x17D2;&#x178B;&#x17B8;</subfield>
  </datafield>
  <datafield tag="650" ind1=" " ind2=" ">
    <subfield code="2">Orphans</subfield>
    <subfield code="a">Daughter of a millionaire</subfield>
  </datafield>
  <datafield tag="650" ind1=" " ind2=" ">
    <subfield code="2">&#x1787;&#x17B8;&#x1780;&#x1780;&#x17D2;&#x178F;&#x17B6;&#x1798;</subfield>
    <subfield code="a">&#x179C;&#x17C1;&#x1791;&#x1798;&#x1793;&#x17D2;&#x178F;</subfield>
  </datafield>
  <datafield tag="650" ind1=" " ind2=" ">
    <subfield code="2">Crab Digging</subfield>
    <subfield code="a">Magic</subfield>
  </datafield>
  <datafield tag="700" ind1=" " ind2=" ">
    <subfield code="a">&#x17A0;&#x17CA;&#x17BB;&#x179B;, &#x179F;&#x17B6;&#x1795;&#x17BB;&#x1793;</subfield>
    <subfield code="d">&#x17A2;&#x17D2;&#x1793;&#x1780;&#x179A;&#x1785;&#x1793;&#x17B6;&#x179A;&#x17BC;&#x1794;&#x1797;&#x17B6;&#x1796;</subfield>
  </datafield>
  <datafield tag="942" ind1=" " ind2=" ">
    <subfield code="2">ddc</subfield>
    <subfield code="c">KHB</subfield>
    <subfield code="n">0</subfield>
  </datafield>
  <datafield tag="999" ind1=" " ind2=" ">
    <subfield code="c">4751</subfield>
    <subfield code="d">4751</subfield>
  </datafield>
  <datafield tag="952" ind1=" " ind2=" ">
    <subfield code="0">0</subfield>
    <subfield code="1">0</subfield>
    <subfield code="2">ddc</subfield>
    <subfield code="4">0</subfield>
    <subfield code="7">0</subfield>
    <subfield code="8">KH</subfield>
    <subfield code="a">001</subfield>
    <subfield code="b">001</subfield>
    <subfield code="c">TK Yellow</subfield>
    <subfield code="d">2024-09-27</subfield>
    <subfield code="l">0</subfield>
    <subfield code="o">ANO 800 PZ7</subfield>
    <subfield code="p">2024-2094</subfield>
    <subfield code="r">2024-09-27 15:03:14</subfield>
    <subfield code="t">1</subfield>
    <subfield code="w">2024-09-27</subfield>
    <subfield code="y">KHB</subfield>
  </datafield>
</record>
